Music Quiz

Random Music or This or That Quiz

Who Released More Albums? Quiz Stats

 Plays Quiz Updated Oct 10, 2015

Challenge
Share
Tweet
Embed
Score 0/16 Timer 02:00
0 Plays Today
A Type 'A' or 'B' % Correct
Nirvana???
88.9%
U2???
86.4%
Aerosmith???
74.4%
Neil Young???
74.2%
The Beatles???
68.8%
Red Hot Chili Peppers???
67%
Elton John???
65.4%
Queen???
64.7%
A Type 'A' or 'B' % Correct
Frank Sinatra???
62.9%
Tupac Shakur???
57.9%
Michael Jackson???
56.5%
Nelly Furtado???
48.9%
The Police???
43.5%
Guns N' Roses???
40%
Whitney Houston???
39.5%
Celine Dion???
27.8%

You're not logged in!

Compare scores with friends on all Sporcle quizzes.
Join for Free
OR
Log In

You Might Also Like...

Show Comments

Extras

Top Quizzes Today


Score Distribution

Your Account Isn't Verified!

In order to create a playlist on Sporcle, you need to verify the email address you used during registration. Go to your Sporcle Settings to finish the process.

Report this User

Report this user for behavior that violates our Community Guidelines.

Details: